| 000 | 00381pab a2200169 454500 | ||
|---|---|---|---|
| 008 | 180718b1996 xxu||||| |||| 00| 0 eng d | ||
| 100 | _aKrishnan, Lalita Bala | ||
| 245 | _aWomen and energy | ||
| 260 | _c1996 | ||
| 300 | _ap.18-21,26 | ||
| 362 | _aApr | ||
| 650 | _aWomen - India | ||
| 650 | _aWomen | ||
| 700 | _aMishra, Meenu | ||
| 773 | _aSocial Welfare | ||
| 909 | _a30796 | ||
| 999 |
_c30796 _d30796 |
||